000
00334nam a2200145Ia 4500
008
230718s9999 xx 000 0 und d
041
_a
Eng.
082
_a
347.07
_b
WEI-P
100
_a
Wein. S.C. Welsh
245
0
_a
Pleadings Commygoming
260
_a
Pakistan
_b
Mansowe book
_c
1997
300
_a
200
650
_a
Law
999
_c
28964
_d
28964